<?xml version="1.0" encoding="UTF-8"?>
<record
    xmlns:xsi="http://www.w3.org/2001/XMLSchema-instance"
    xsi:schemaLocation="http://www.loc.gov/MARC21/slim http://www.loc.gov/standards/marcxml/schema/MARC21slim.xsd"
    xmlns="http://www.loc.gov/MARC21/slim">

  <leader>00923nam a22002297a 4500</leader>
  <datafield tag="999" ind1=" " ind2=" ">
    <subfield code="c">81503</subfield>
    <subfield code="d">318780</subfield>
  </datafield>
  <controlfield tag="003">OSt</controlfield>
  <controlfield tag="005">20220816121125.0</controlfield>
  <controlfield tag="008">220816b2013    su ||||g |||| 00| 0 ara d</controlfield>
  <datafield tag="040" ind1=" " ind2=" ">
    <subfield code="a">Ma-Un</subfield>
    <subfield code="c">Ma-Un</subfield>
  </datafield>
  <datafield tag="082" ind1=" " ind2=" ">
    <subfield code="2">21</subfield>
    <subfield code="a">158.2</subfield>
    <subfield code="b">&#x645; &#x625; &#x641;</subfield>
  </datafield>
  <datafield tag="100" ind1=" " ind2=" ">
    <subfield code="a">&#x627;&#x644;&#x645;&#x648;&#x633;&#x649;&#x60C; &#x625;&#x628;&#x631;&#x627;&#x647;&#x64A;&#x645;.</subfield>
    <subfield code="9">97428</subfield>
  </datafield>
  <datafield tag="245" ind1=" " ind2=" ">
    <subfield code="a">&#x641;&#x646; &#x627;&#x644;&#x639;&#x644;&#x627;&#x642;&#x627;&#x62A; &#x627;&#x644;&#x625;&#x62C;&#x62A;&#x645;&#x627;&#x639;&#x64A;&#x629; / </subfield>
    <subfield code="c">&#x625;&#x628;&#x631;&#x627;&#x647;&#x64A;&#x645; &#x627;&#x644;&#x645;&#x648;&#x633;&#x649;.</subfield>
  </datafield>
  <datafield tag="250" ind1=" " ind2=" ">
    <subfield code="a">&#x637;. 1.</subfield>
  </datafield>
  <datafield tag="260" ind1=" " ind2=" ">
    <subfield code="a">{&#x627;&#x644;&#x633;&#x639;&#x648;&#x62F;&#x64A;&#x629;} :</subfield>
    <subfield code="b">&#x62F;&#x627;&#x631; &#x627;&#x644;&#x643;&#x62A;&#x627;&#x628; &#x627;&#x644;&#x639;&#x631;&#x628;&#x64A;&#x60C; </subfield>
    <subfield code="c">2013</subfield>
    <subfield code="m">1434</subfield>
  </datafield>
  <datafield tag="300" ind1=" " ind2=" ">
    <subfield code="a">156 &#x635;. &#x61B; </subfield>
    <subfield code="c">22 &#x633;&#x645;. </subfield>
  </datafield>
  <datafield tag="490" ind1=" " ind2=" ">
    <subfield code="a">&#x627;&#x644;&#x633;&#x644;&#x633;&#x644;&#x629; &#x627;&#x644;&#x62B;&#x642;&#x627;&#x641;&#x64A;&#x629; &#x644;&#x644;&#x62A;&#x646;&#x645;&#x64A;&#x629; &#x627;&#x644;&#x641;&#x643;&#x631;&#x64A;&#x629; &#x648; &#x627;&#x644;&#x627;&#x62C;&#x62A;&#x645;&#x627;&#x639;&#x64A;&#x629;.</subfield>
    <subfield code="v">(2).</subfield>
  </datafield>
  <datafield tag="504" ind1=" " ind2=" ">
    <subfield code="a">&#x64A;&#x634;&#x62A;&#x645;&#x644; &#x639;&#x644;&#x649; &#x642;&#x627;&#x626;&#x645;&#x629; &#x628;&#x628;&#x644;&#x64A;&#x648;&#x62C;&#x631;&#x627;&#x641;&#x64A;&#x629;.</subfield>
  </datafield>
  <datafield tag="650" ind1=" " ind2=" ">
    <subfield code="a">&#x627;&#x644;&#x639;&#x644;&#x627;&#x642;&#x627;&#x62A; &#x627;&#x644;&#x627;&#x62C;&#x62A;&#x645;&#x627;&#x639;&#x64A;&#x629;. 	</subfield>
    <subfield code="9">97456</subfield>
  </datafield>
  <datafield tag="650" ind1=" " ind2=" ">
    <subfield code="a">&#x627;&#x644;&#x62A;&#x641;&#x627;&#x639;&#x644; &#x627;&#x644;&#x627;&#x62C;&#x62A;&#x645;&#x627;&#x639;&#x64A;.</subfield>
    <subfield code="9">97457</subfield>
  </datafield>
  <datafield tag="650" ind1=" " ind2=" ">
    <subfield code="a">&#x627;&#x644;&#x639;&#x644;&#x627;&#x642;&#x627;&#x62A; &#x627;&#x644;&#x625;&#x646;&#x633;&#x627;&#x646;&#x64A;&#x629;.</subfield>
    <subfield code="x">&#x62C;&#x648;&#x627;&#x646;&#x628; &#x646;&#x641;&#x633;&#x64A;&#x629;.</subfield>
    <subfield code="9">15002</subfield>
  </datafield>
  <datafield tag="942" ind1=" " ind2=" ">
    <subfield code="2">ddc</subfield>
    <subfield code="c">BOOK</subfield>
  </datafield>
  <datafield tag="952" ind1=" " ind2=" ">
    <subfield code="1">0</subfield>
    <subfield code="2">2022-08-16</subfield>
    <subfield code="4">0</subfield>
    <subfield code="7">1</subfield>
    <subfield code="U">2022-08-16</subfield>
    <subfield code="a">158.2 &#x645; &#x625; &#x641;</subfield>
    <subfield code="d">2022-08-16</subfield>
    <subfield code="h">CL</subfield>
    <subfield code="i">00185755</subfield>
    <subfield code="m">CL</subfield>
    <subfield code="r">2022-08-16 00:00:00</subfield>
    <subfield code="t">BOOK</subfield>
    <subfield code="w">ddc</subfield>
    <subfield code="y">0</subfield>
  </datafield>
  <datafield tag="952" ind1=" " ind2=" ">
    <subfield code="1">0</subfield>
    <subfield code="2">2022-08-16</subfield>
    <subfield code="4">0</subfield>
    <subfield code="7">0</subfield>
    <subfield code="U">2022-08-16</subfield>
    <subfield code="a">158.2 &#x645; &#x625; &#x641;</subfield>
    <subfield code="d">2022-08-16</subfield>
    <subfield code="h">CL</subfield>
    <subfield code="i">00185756</subfield>
    <subfield code="m">CL</subfield>
    <subfield code="r">2022-08-16 00:00:00</subfield>
    <subfield code="t">BOOK</subfield>
    <subfield code="w">ddc</subfield>
    <subfield code="y">0</subfield>
  </datafield>
  <datafield tag="952" ind1=" " ind2=" ">
    <subfield code="1">0</subfield>
    <subfield code="2">2022-08-16</subfield>
    <subfield code="4">0</subfield>
    <subfield code="7">0</subfield>
    <subfield code="U">2022-08-16</subfield>
    <subfield code="a">158.2 &#x645; &#x625; &#x641;</subfield>
    <subfield code="d">2022-08-16</subfield>
    <subfield code="h">CL</subfield>
    <subfield code="i">00185757</subfield>
    <subfield code="m">CL</subfield>
    <subfield code="r">2022-08-16 00:00:00</subfield>
    <subfield code="t">BOOK</subfield>
    <subfield code="w">ddc</subfield>
    <subfield code="y">0</subfield>
  </datafield>
  <datafield tag="952" ind1=" " ind2=" ">
    <subfield code="1">0</subfield>
    <subfield code="2">2022-08-16</subfield>
    <subfield code="4">0</subfield>
    <subfield code="7">1</subfield>
    <subfield code="U">2022-08-16</subfield>
    <subfield code="a">158.2 &#x645; &#x625; &#x641;</subfield>
    <subfield code="d">2022-08-16</subfield>
    <subfield code="h">EZF</subfield>
    <subfield code="i">00185758</subfield>
    <subfield code="m">EZF</subfield>
    <subfield code="r">2022-08-16 00:00:00</subfield>
    <subfield code="t">BOOK</subfield>
    <subfield code="w">ddc</subfield>
    <subfield code="y">0</subfield>
  </datafield>
  <datafield tag="952" ind1=" " ind2=" ">
    <subfield code="1">0</subfield>
    <subfield code="2">2022-08-16</subfield>
    <subfield code="4">0</subfield>
    <subfield code="7">0</subfield>
    <subfield code="U">2022-08-16</subfield>
    <subfield code="a">158.2 &#x645; &#x625; &#x641;</subfield>
    <subfield code="d">2022-08-16</subfield>
    <subfield code="h">EZF</subfield>
    <subfield code="i">00185759</subfield>
    <subfield code="m">EZF</subfield>
    <subfield code="r">2022-08-16 00:00:00</subfield>
    <subfield code="t">BOOK</subfield>
    <subfield code="w">ddc</subfield>
    <subfield code="y">0</subfield>
  </datafield>
  <datafield tag="952" ind1=" " ind2=" ">
    <subfield code="1">0</subfield>
    <subfield code="2">2022-08-16</subfield>
    <subfield code="4">0</subfield>
    <subfield code="7">1</subfield>
    <subfield code="U">2022-08-16</subfield>
    <subfield code="a">158.2 &#x645; &#x625; &#x641;</subfield>
    <subfield code="d">2022-08-16</subfield>
    <subfield code="h">EMF</subfield>
    <subfield code="i">00185760</subfield>
    <subfield code="m">EMF</subfield>
    <subfield code="r">2022-08-16 00:00:00</subfield>
    <subfield code="t">BOOK</subfield>
    <subfield code="w">ddc</subfield>
    <subfield code="y">0</subfield>
  </datafield>
  <datafield tag="952" ind1=" " ind2=" ">
    <subfield code="1">0</subfield>
    <subfield code="2">2022-08-16</subfield>
    <subfield code="4">0</subfield>
    <subfield code="7">0</subfield>
    <subfield code="U">2022-08-16</subfield>
    <subfield code="a">158.2 &#x645; &#x625; &#x641;</subfield>
    <subfield code="d">2022-08-16</subfield>
    <subfield code="h">EMF</subfield>
    <subfield code="i">00185761</subfield>
    <subfield code="m">EMF</subfield>
    <subfield code="r">2022-08-16 00:00:00</subfield>
    <subfield code="t">BOOK</subfield>
    <subfield code="w">ddc</subfield>
    <subfield code="y">0</subfield>
  </datafield>
  <datafield tag="952" ind1=" " ind2=" ">
    <subfield code="1">0</subfield>
    <subfield code="2">2022-08-16</subfield>
    <subfield code="4">0</subfield>
    <subfield code="7">1</subfield>
    <subfield code="U">2022-08-16</subfield>
    <subfield code="a">158.2 &#x645; &#x625; &#x641;</subfield>
    <subfield code="d">2022-08-16</subfield>
    <subfield code="h">SZM</subfield>
    <subfield code="i">00185762</subfield>
    <subfield code="m">SZM</subfield>
    <subfield code="r">2022-08-16 00:00:00</subfield>
    <subfield code="t">BOOK</subfield>
    <subfield code="w">ddc</subfield>
    <subfield code="y">0</subfield>
  </datafield>
  <datafield tag="952" ind1=" " ind2=" ">
    <subfield code="1">0</subfield>
    <subfield code="2">2022-08-16</subfield>
    <subfield code="4">0</subfield>
    <subfield code="7">0</subfield>
    <subfield code="U">2022-08-16</subfield>
    <subfield code="a">158.2 &#x645; &#x625; &#x641;</subfield>
    <subfield code="d">2022-08-16</subfield>
    <subfield code="h">SZM</subfield>
    <subfield code="i">00185763</subfield>
    <subfield code="m">SZM</subfield>
    <subfield code="r">2022-08-16 00:00:00</subfield>
    <subfield code="t">BOOK</subfield>
    <subfield code="w">ddc</subfield>
    <subfield code="y">0</subfield>
  </datafield>
  <datafield tag="952" ind1=" " ind2=" ">
    <subfield code="1">0</subfield>
    <subfield code="2">2022-08-16</subfield>
    <subfield code="4">0</subfield>
    <subfield code="7">1</subfield>
    <subfield code="U">2022-08-16</subfield>
    <subfield code="a">158.2 &#x645; &#x625; &#x641;</subfield>
    <subfield code="d">2022-08-16</subfield>
    <subfield code="h">SRF</subfield>
    <subfield code="i">00185764</subfield>
    <subfield code="m">SRF</subfield>
    <subfield code="r">2022-08-16 00:00:00</subfield>
    <subfield code="t">BOOK</subfield>
    <subfield code="w">ddc</subfield>
    <subfield code="y">0</subfield>
  </datafield>
</record>
